000 00571nam a2200181 4500
001 136542
003 ES-MaACL
005 20240825063040.0
007 t|
008 070214s1969 sp r ||||1| spa d
100 1 _aRussell, Bertrand,
_d1872-1970
_9101033
245 1 0 _aTeoría y práctica del bolchevismo /
_cBertrand Russell ; [traductor: Juan C. García].
260 _aBarcelona [etc.] :
_bAriel,
_c1969.
300 _a171 p. ;
_c18 cm.
700 1 _aGarcía, Juan C.
_954056
852 _aES-MaACL
_jC-37215
_bR.70462
999 _c136542
_d136542